000 01616cam a22004574i 4500
003 PE-LiUPU
005 20250731172711.0
008 150617s r 000 0 d
035 _a(Sirsi) a10471
040 _aPE-LiUPU
_bspa
_cPE-LiUPU
_erda
049 _aPRUA
082 0 4 _a249
_bN99
_221
100 1 _aNystrom, Gertrude,
_eautor.
245 1 0 _aHow to raise a chrístían family /
_cGertrude Nystrom.
264 1 _aChicago :
_bMoody Press,
_c1950.
300 _a127 páginas ;
_c18 cm.
336 _atext
_2rdacontent
337 _aunmediated
_2rdamedia
338 _avolume
_2rdacarrier
504 _aIncluye bibliografía.
505 0 _aChoosing a marriage partner -- Functions of family life -- Marriage adjusments -- Modern conveniences and moder concerns -- Emotional matutiry -- Parental responsability -- Threats to security in marriage -- The family council -- Improving human.
526 _aSEG42
526 _aSEG41
526 _aSEG40
526 _aSEG39
526 _aP94
526 _aP87
526 _aP86
526 _aP85
526 _aP77
526 _aP76
526 _aP35
650 0 4 _aCULTO
_xFAMILIA.
910 _ajck
_bjvq
_cjck
_d20150616
942 _2ddc
_cBOOK
949 _a249 N99
_wDEWEY
_c1
_i03918
_lCCODEBUL1
_mBUL
_p00.00
_r0
_sY
_tBOOK
_u2015-04-21
_xTEOLOGIA
_PP35
_0COMPRA
_o.STAFF. Colección General
994 _aC0
_bPEPRU
596 _a1
999 _a249 N99
_wDEWEY
_c522
_i03918
_d522
_f2021-11-11
_g5
_lCCODEBUL1
_mBUL
_q1
_r0
_sY
_tBOOK
_u2015-4-21
_xTEOLOGIA
_PP35
_0COMPRA
_o.STAFF. Colección General
980 _81
_gALBERTO SANCHEZ Responsable de Automatización